=LDR 00000nam 2200000 4500 =001 INLIS000000000038557 =005 20130612144225 =008 ***********************************Ind** =035 ##$$0010-061300000038557 =041 ##$$a Ind =082 ##$$a 641.865 4 =090 ##$$a 641.865 4, Nur c =100 ##$$a Nursaadah =245 ##$$a Cookies baket hias untuk antaran/Nursaadah: Editor, H. Grceting =260 ##$$a 2011 $b Jakarta =300 ##$$a 55 hlm, ilus., 21 cm =650 ##$$a Ilue ( Cookoie ) =700 ##$$a Grceting, Haji =850 ##$$a NBPNMAT